Acid rain

Bibliographic Details
Main Author: Sterling, Stephen
Format: Book
Published: England : Wayland , 1991
Series:Our green world
Subjects:

MARC

LEADER 00000cam a2200000 7i4500
001 0000005988
002 000006465
005 20131021.0
020 |a 0750205865 
090 0 0 |a J 551.5771   |b STE 
100 1 |a Sterling, Stephen 
245 1 0 |a Acid rain   |c Stephen Sterling 
260 |a England :   |b Wayland ,   |c 1991 
300 |a 48p. :   |b ill. ;   |c 27cm. 
490 0 |a Our green world 
650 0 0 |a Acid rain   |x Juvenile literature 
999 |a 037808   |b BUKU   |c PINJAMAN   |e PERPUSTAKAAN KOMUNITI PETALING JAYA